000
00371nam a2200133Ia 4500
003
GCL
008
140319s9999 xx 000 0 ara d
040
_a
GCL /
_c
GCL
082
0
4
_a
814.008
_b
م ر
100
1
_a
منى امين
245
1
0
_a
رفقا ايها الشوق /
_c
منى امين
300
_a
237 ص
490
_a
الهيئة العامة للاستعلامات
_v
0
999
_c
49292
_d
49292